| 000 | 00638nam a2200217 a 4500 | ||
|---|---|---|---|
| 001 | BRCA_6734 | ||
| 005 | 20190320205554.0 | ||
| 008 | 211011s1907----nyu#######---#000-0#eng-# | ||
| 041 | _aeng | ||
| 044 | _anyu | ||
| 050 | 4 |
_aPZ3 _b.D398 _c1907 |
|
| 100 | 1 |
_aDay, Thomas Fleming _d1961-1927 _916816 |
|
| 245 | 1 | 0 |
_aThe adventures of two yachtsmen _btranscribed from the note-book of the late John Gordon Falcon _cby Thomas Fleming Day |
| 260 |
_aNueva York _bRudder _c1907 |
||
| 300 |
_a118 p. _c21 cm. |
||
| 500 | _aEdición con cantos dorados | ||
| 500 | _aI104 | ||
| 650 | 1 | 4 |
_aYates (Deportes) _916817 |
| 902 | _aGFM | ||
| 942 |
_2lcc _cB |
||
| 999 |
_c6417 _d6417 |
||